Luật phòng, chống tham nhũng và văn bản hướng dẫn thi hành
Sách cung cấp cho bạn đọc những thông tin pháp luật về vấn đề quy định về phòng ngừa, phát hiện, xử lý người có hành vi tham nhũng và trách nhiệm của cơ quan, tổ chức, đơn vị, cá nhân trong phòng, chống tham nhũng và cung cấp một số văn ba...
Gardado en:
| Nhiều tác giả của công ty: | , |
|---|---|
| Formato: | Libro |
| Idioma: | Undetermined |
| Publicado: |
Hà Nội
Chính trị Quốc gia
2008
|
| Những chủ đề: | |
| Các nhãn: |
Engadir etiqueta
Sen Etiquetas, Sexa o primeiro en etiquetar este rexistro!
|
| Thư viện lưu trữ: | Trung tâm Học liệu Trường Đại học Cần Thơ |
|---|
| LEADER | 01190nam a2200229Ia 4500 | ||
|---|---|---|---|
| 001 | CTU_143476 | ||
| 008 | 210402s9999 xx 000 0 und d | ||
| 020 | |c 51000 | ||
| 082 | |a 345.59702323 | ||
| 082 | |b V308 | ||
| 110 | |a Việt Nam (Cộng hòa xã hội chủ nghĩa) | ||
| 110 | |b Quốc hội | ||
| 245 | 0 | |a Luật phòng, chống tham nhũng và văn bản hướng dẫn thi hành | |
| 245 | 0 | |c Việt Nam (Cộng hòa xã hội chủ nghĩa). Quốc hội | |
| 260 | |a Hà Nội | ||
| 260 | |b Chính trị Quốc gia | ||
| 260 | |c 2008 | ||
| 520 | |a Sách cung cấp cho bạn đọc những thông tin pháp luật về vấn đề quy định về phòng ngừa, phát hiện, xử lý người có hành vi tham nhũng và trách nhiệm của cơ quan, tổ chức, đơn vị, cá nhân trong phòng, chống tham nhũng và cung cấp một số văn bản pháp luật hướng dẫn thi hành luật này. | ||
| 650 | |a Criminal law,Corruption | ||
| 650 | |z Vietnam | ||
| 904 | |i Tuyến | ||
| 980 | |a Trung tâm Học liệu Trường Đại học Cần Thơ | ||